E-shopy na Slovensku - legislatíva a jej dodržiavanie
Analýza prieskumu portálu Nakupujbezpecne.sk, ktorý sa venuje aj certifikácii e-shopov. Cieľom celého prieskumu je určenie percenta e-shopov, ktoré spĺňajú zákonom definované súbory minimálne poskytovaných informácií na svojich internetových stránkach ako i následná analýza chýbajúcich informácií, k...
Salvato in:
| Autore principale: | |
|---|---|
| Natura: | Capitolo di libro |
| Lingua: | slovacco |
| Soggetti: | |
| Tags: |
Nessun Tag, puoi essere il primo ad aggiungerne!!
|
MARC
| LEADER | 00000nla a2200000 4500 | ||
|---|---|---|---|
| 001 | 0206034 | ||
| 005 | 20240502073429.6 | ||
| 041 | 0 | |a slo | |
| 044 | |a SK | ||
| 245 | 1 | 0 | |a E-shopy na Slovensku - legislatíva a jej dodržiavanie |c Ingrid Potisková |
| 520 | |a Analýza prieskumu portálu Nakupujbezpecne.sk, ktorý sa venuje aj certifikácii e-shopov. Cieľom celého prieskumu je určenie percenta e-shopov, ktoré spĺňajú zákonom definované súbory minimálne poskytovaných informácií na svojich internetových stránkach ako i následná analýza chýbajúcich informácií, ktoré sú najčastejšími nedostatkami a hodnotením súčasného stavu s návrhmi riešení. | ||
| 610 | 2 | 0 | |a obchod elektronický |
| 610 | 2 | 0 | |a certifikácia |
| 610 | 2 | 0 | |a internet |
| 610 | 2 | 0 | |a informácie |
| 100 | 1 | |a Potisková, Ingrid | |